000 00609nam a22002177a 4500
003 LK-CoMWRAF
005 20230925114157.0
008 230925b |||||||| |||| 00| 0 eng d
020 _a 0907461123
040 _aLK-CoMWRAF
_dLK-CoMWRAF
_eLK-CoMWRAF
041 _aeng
082 _a297.576
_bBAD
245 _aThe Muslim woman's dress :
_bAccording to the Qur'an and Sunnah
300 _aLondon :
_bTa Ha,
_c[1982?]
490 _a14p. : ill. ; 21cm.
650 _aMuslim women
650 _aCostume-Islamic
650 _aMuslim women's clothing
700 _aBadawi. Jamal A.
_ecomp.
942 _cBK
999 _c3661
_d3661